00390nam a22001217a 450000500170000000800410001704000130005808200230007110000270009424500840012126000520020530000110025720150820100847.0150820b xxu||||| |||| 00| 0 eng d cPK-LaUMT aKHC 954.918bMAH-H aMahmudul Hasan Siddiqi aHistory of the arghuns and tarkhans of sind (1507-1593)cMahmudul Hasan Siddiqi aSindbInstitute of sindhology university c1972 a298 p.